000 00418nam a2200145Ia 4500
008 231129s2010||||xx |||||||||||||| ||spa||
020 _a978-958-8306-64-3
040 _bspa
082 _aR 584.15 ó77ó
100 _aOrtiz Valdivieso Pedro
245 0 _aOrquí­deas. Especies de Colombia
260 _c2010
264 _aBogotá Colombia : Villegas Editores
942 _2ddc
_cBKS
999 _c22211
_d22211